000 02244nam a2200241 4500
003 NALT
005 20250908161508.0
008 250903b th ||||| |||| 00| 0 tha d
040 _aNALT
086 _aสว 02 8.2 328.31 2566
110 2 _aสำนักงานเลขาธิการวุฒิสภา.
_bสำนักประชาสัมพันธ์
_92433
245 1 0 _aกฐินพระราชทานของวุฒิสภา พุทธศักราช 2566 ณ วัดสามพระยาวรวิหาร เขตพระนคร กรุงเทพมหานคร วันพฤหัสบดีที่ 23 พฤศจิกายน 2566 /
_cสำนักประชาสัมพันธ์ สำนักงานเลขาธิการวุฒิสภา.
260 _a กรุงเทพฯ :
_bสำนักการพิมพ์ สำนักงานเลขาธิการวุฒิสภา,
_c2566.
300 _a64 หน้า :
_bภาพประกอบ ;
_c21 ซม.
505 0 _aข้อมูลวัดสามพระยาวรวิหาร -- ประวัติเจ้าอาวาสวัดสามพระยาวรวิหาร -- ประธานวุฒิสภา และรองประธานวุฒิสภา -- หน้าที่และอำนาจของวุฒิสภา ตามรัฐธรรมนูญแห่งราชอาณาจักรไทย พุทธศักราช 2560 -- ช่องทางการติดตามข่าวสารของวุฒิสภา -- บทสวนมนต์และคำถวายทานต่าง ๆ.
600 0 4 _aพระเทพวิสุทธิดิลก
_xชีวประวัติ
_966558
610 2 4 _aวัดสามพระยาวรวิหาร
_xประวัติ
_966557
650 4 _aกฐินและผ้าป่า
_93355
942 _2local
_cPAR
996 _ajidapa.t
_bACQSTF
_c2025-09-03
996 _ajamriang.p
_bCATSTF
_c2025-09-08
999 _c107178
_d107178
998 _j1020
_k นางจำเรียง ระวังสำโรง